Eastern Utah Libraries Catalog: Duchesne, Heber, Roosevelt, & Vernal

Outside over there / (Record no. 21073)

MARC details
000 -LEADER
fixed length control field 00876cam a2200289 a 4500
003 - CONTROL NUMBER IDENTIFIER
control field XX-XxUND
005 - DATE AND TIME OF LATEST TRANSACTION
control field 20241220111842.0
008 - FIXED-LENGTH DATA ELEMENTS--GENERAL INFORMATION
fixed length control field 810702s1981 nyua j 000 1 eng d
001 - CONTROL NUMBER
control field 7546918
010 ## - LIBRARY OF CONGRESS CONTROL NUMBER
LC control number 79002682
020 ## - INTERNATIONAL STANDARD BOOK NUMBER
International Standard Book Number 0060255234
020 ## - INTERNATIONAL STANDARD BOOK NUMBER
International Standard Book Number 0060255242 (lib. bdg.)
035 ## - SYSTEM CONTROL NUMBER
System control number (Sirsi) i9780060255237
040 ## - CATALOGING SOURCE
Original cataloging agency APS
Transcribing agency APS
Modifying agency GZD
049 ## - LOCAL HOLDINGS (OCLC)
Holding library GZDg,gzdi,gzdk,gzdm,gzdo,gzdq,gzds,gzdu,gzdw,gzdy, gzd2,gzd4,gzd8,gzd+,gzd$
099 ## - LOCAL FREE-TEXT CALL NUMBER (OCLC)
Classification number X
082 ## - DEWEY DECIMAL CLASSIFICATION NUMBER
Classification number SEN
092 ## - LOCALLY ASSIGNED DEWEY CALL NUMBER (OCLC)
Classification number SEN
100 1# - MAIN ENTRY--PERSONAL NAME
Personal name Sendak, Maurice.
9 (RLIN) 11246
245 10 - TITLE STATEMENT
Title Outside over there /
Statement of responsibility, etc Maurice Sendak ; [calligraphy by Jeanyee Wong ; design by Maurice Sendak and Atha Tehon].
260 ## - PUBLICATION, DISTRIBUTION, ETC. (IMPRINT)
Place of publication, distribution, etc New York :
Name of publisher, distributor, etc Harper & Row,
Date of publication, distribution, etc c1981.
300 ## - PHYSICAL DESCRIPTION
Extent [40] p. :
Other physical details col. ill. ;
Dimensions 24 x 27 cm.
500 ## - GENERAL NOTE
General note "An Ursula Nordstrom book."
942 ## - ADDED ENTRY ELEMENTS (KOHA)
Koha item type BOOK
979 ## -
-- 364426
998 ## - LOCAL CONTROL INFORMATION (RLIN)
-- a42853
Holdings
Withdrawn status Lost status Source of classification or shelving scheme Damaged status Not for loan Collection code Home library Current library Shelving location Date acquired Source of acquisition Cost, normal purchase price Total Checkouts Total Renewals Full call number Barcode Checked out Date last seen Date checked out Cost, replacement price Price effective from Koha item type
    Dewey Decimal Classification     Children Caldecott Award Wasatch County Library Wasatch County Library Main Floor Childrens Area 10/26/2017 Amazon 22.95 29 17 E Sen 34301001535584 05/05/2026 03/09/2026 03/09/2026 22.95 03/20/2020 BOOK
This project was made possible through a grant from the Institute of Museum and Library Service administered by the Utah State Library Division.

Wasatch County Library

  • 465 East 1200 South, Heber City, Utah 84032
  • Phone 435-654-1511 | Fax 435-654-6456

Hours

  • Monday - Friday 9:30 AM - 8:00 PM
  • Saturday 9:30 AM - 1:30 PM
  • Closed Sundays and Holidays